Normal view
MARC view
Entry Personal Name
001 - CONTROL NUMBER
- control field: 3421
003 - CONTROL NUMBER IDENTIFIER
- control field: dpl
005 - DATE AND TIME OF LATEST TRANSACTION
- control field: 20100731145259.0
008 - FIXED-LENGTH DATA ELEMENTS
- fixed length control field: 100731|||a|||||| | ||| d
040 ## - CATALOGING SOURCE
- Original cataloging agency: dpl
- Transcribing agency: dpl
100 ## - HEADING--PERSONAL NAME
- Personal name: भडभडे, शुभांगी
670 ## - SOURCE DATA FOUND
- Source citation: Work cat.: (dpl)38431: भडभडे, शुभांगी, इदं न मम /, 2010
670 ## - SOURCE DATA FOUND
- Source citation: Work cat.: (dpl)38431: भडभडे, शुभांगी, इदं न मम /, 2010
